[Event "Olbia CIG U16 24th"]
[Site "Olbia"]
[Date "2016.06.26"]
[Round "1"]
[White "Carnicelli, Valerio"]
[Black "Lussetti, Jacopo"]
[Result "1-0"]
[WhiteElo "2256"]
[BlackElo "1631"]
[PlyCount "83"]
[EventDate "2016.06.26"]
[EventType "swiss"]
[EventRounds "9"]
[EventCountry "ITA"]
[SourceTitle "EXT 2024"]
[Source "ChessBase"]
[SourceDate "2023.10.10"]
[SourceVersion "1"]
[SourceVersionDate "2023.10.10"]
[SourceQuality "1"]

1. e4 e5 2. Nf3 Nc6 3. Bc4 Nf6 4. Ng5 d5 5. exd5 Na5 6. d3 h6 7. Nf3 e4 8. Qe2 Bf5 9. dxe4 Bxe4 10. Bd3 Qe7 11. Bxe4 Qxe4 12. Qxe4+ Nxe4 13. Nbd2 Nxd2 14. Bxd2 Nc4 15. Bc3 0-0-0 16. 0-0-0 Nb6 17. Ne5 Rg8 18. Nxf7 Rd7 19. Ne5 Rd8 20. Ng6 Rd7 21. Rhe1 Kd8 22. Re2 Bd6 23. Be5 Re8 24. f4 Nc4 25. Rde1 Nxe5 26. Nxe5 Rde7 27. Kd2 Bc5 28. Nd3 Rxe2+ 29. Rxe2 Rxe2+ 30. Kxe2 Bd4 31. Kf3 Ke7 32. Ke4 Bf6 33. c4 b6 34. Ne5 Kd6 35. b4 g5 36. Kf5 Bg7 37. Kg6 Bxe5 38. fxe5+ Kxe5 39. Kxh6 Kd4 40. Kxg5 Kxc4 41. h4 Kxd5 42. h5 1-0

[Event "EU-ch U16 25th"]
[Site "Porec"]
[Date "2015.09.21"]
[Round "1"]
[White "Dahl, Trygve"]
[Black "Lussetti, Jacopo"]
[Result "1-0"]
[WhiteElo "2196"]
[BlackElo "1704"]
[PlyCount "49"]
[EventDate "2015.09.21"]
[EventType "swiss"]
[EventRounds "9"]
[EventCountry "CRO"]
[SourceTitle "EXT 2016"]
[Source "ChessBase"]
[SourceDate "2015.10.08"]
[SourceVersion "1"]
[SourceVersionDate "2015.10.08"]
[SourceQuality "1"]

1. e4 e5 2. Nf3 Nc6 3. Nc3 Nf6 4. Be2 Bc5 5. Nxe5 Nxe5 6. d4 Bb4 7. dxe5 Nxe4 8. Qd4 Nxc3 9. bxc3 Be7 10. Qg4 g5 11. 0-0 d5 12. Qg3 h5 13. f4 h4 14. Qf2 g4 15. f5 g3 16. Qf3 Bc5+ 17. Be3 Qe7 18. Bd4 Bd7 19. Qxd5 Bxd4+ 20. Qxd4 gxh2+ 21. Kh1 Rh6 22. e6 fxe6 23. fxe6 Bxe6 24. Bg4 c5 25. Qd2 1-0